| 000 | 00716cam a22002411 4500 | ||
|---|---|---|---|
| 001 | sa 65005982 | ||
| 003 | DLC | ||
| 005 | 20260227112140.0 | ||
| 008 | 881029s1962 ii 000 0 hin | ||
| 010 | _asa 65005982 | ||
| 035 | _a(OCoLC)18688193 | ||
| 040 |
_aDLC _cNRU _dDLC |
||
| 042 | _apremarc | ||
| 050 | 0 | 0 |
_aPK575 _b.R3 |
| 100 | 1 | _aRai, Ganga Sagar | |
| 245 | 1 | 0 |
_aAlaṅkāra-pīyūṣa. _cLekhaka Gangāsāgara Rāya. |
| 250 | _a[1. saṃskaraṇa] | ||
| 260 |
_aVārāṇasī, _bCaukhambā Vidyābhavan _c[1962] |
||
| 300 |
_a9, 68 p. _c18 cm. |
||
| 440 | 0 |
_aVidyābhavan saṃskr̥ta granthaml̄ā, _v71 |
|
| 500 | _aHindi and Sanskrit; introd. in Hindi. | ||
| 650 | 0 |
_aSanskrit language _xRhetoric. |
|
| 999 |
_c64481 _d64481 |
||